[Event "EU-ch 13th"]
[Site "Plovdiv"]
[Date "2012.03.25"]
[Round "6"]
[White "Sutovsky, Emil"]
[Black "Kozul, Zdenko"]
[Result "1-0"]
[WhiteElo "2700"]
[BlackElo "2602"]
[Annotator "Ftacnik,L"]
[PlyCount "71"]
[EventDate "2012.03.20"]
[EventType "swiss"]
[EventRounds "11"]
[EventCountry "BUL"]
[SourceTitle "CBM 148"]
[Source "ChessBase"]
[SourceDate "2012.05.16"]
[SourceVersion "1"]
[SourceVersionDate "2012.05.16"]
[SourceQuality "1"]

1. e4 c5 2. Nf3 d6 3. d4 cxd4 4. Nxd4 Nf6 5. Nc3 Nc6 6. Bg5 e6 7. Qd2 a6 8.
O-O-O Bd7 9. f4 b5 10. a3 {Kozul has great experience with the position on the
board. Sutovsky decides to test him in one of the lesser subvariations. The
advance of the pawn in front of the white king has the flair of intentional
provocation, even though it stops the immediate advance of the black b-pawn.}
Rb8 (10... Rc8 11. Be2 (11. Nf3 b4 12. axb4 Nxb4 13. Bxf6 gxf6 14. Kb1 Qa5 15.
Nd4 Bh6 16. Nb3 Qb6 17. g3 Ke7 18. Be2 {0-1 (37) Anderson,F-Benko,P (2515) Tel
Aviv 1964}) 11... Be7 12. Rhe1 O-O 13. Bxf6 gxf6 14. Kb1 Qb6 15. Nxc6 Bxc6 16.
Qd4 Qxd4 17. Rxd4 Bb7 18. Red1 $11 {1/2 (24) Jedynak,R (2519)-Dziuba,M (2511)
Montpellier 2006}) (10... Be7 11. Nf3 (11. Nb3 b4 12. axb4 Nxb4 13. Kb1 Rb8 14.
Be2 a5 15. Bxf6 gxf6 16. f5 Qb6 17. fxe6 fxe6 18. Qd4 Qc7 19. Qc4 Qxc4 20. Bxc4
Rg8 21. Nd4 Rxg2 $15 {0-1 (29) Saric,I (2482)-Jankovic,A (2533) Kutina 2006})
11... b4 12. axb4 Nxb4 13. Bc4 Qc7 14. Qe2 e5 15. Rhf1 Bg4 16. h3 Bxf3 17. Rxf3
exf4 18. Nd5 Nbxd5 19. Bxd5 Nxd5 20. exd5 $14 {1-0 (37) Brkic,A (2541)-Palac,M
(2582) Kutina 2006}) (10... Qb6 11. Be2 (11. e5 dxe5 (11... Qxd4 12. Qe1 Qa7
13. exf6 g6 14. Nd5 Kd8 15. Ne7 Nxe7 16. fxe7+ Bxe7 17. Qc3 Rf8 18. Qg7 Ke8 19.
Bxe7 Kxe7 20. Bd3 Qc5 $11 {0-1 (37) Brkic,A (2567)-Murariu,A (2498) Dresden
2007}) 12. Nf3 Nd5 13. Nxe5 Nxe5 14. Nxd5 Qb7 15. fxe5 exd5 16. Qxd5 Qxd5 17.
Rxd5 Bc6 18. Rd3 Rc8 19. Be2 $14 {1-0 (54) Brkic,A (2541)-Jankovic,A (2533)
Kutina 2006}) 11... Nxd4 12. Qxd4 Qxd4 13. Rxd4 Bc6 14. Rhd1 Be7 15. a4 bxa4
16. Rc4 Rc8 17. Bxf6 gxf6 18. Nxa4 Bb7 19. Rxc8+ Bxc8 $14 {1/2 (107) Savchenko,
B (2638)-Zinchenko,Y (2538) Moscow 2010}) 11. e5 $5 {White was probably hoping
for Black's rook move to b8, as it enables him to begin direct actions in the
centre.} (11. Nxc6 Bxc6 12. Qd4 Be7 13. Be2 a5 14. b4 axb4 15. axb4 O-O 16.
Rhg1 Qc7 17. Kb2 Rfc8 $17 {0-1 (28) Kinez,I (2079)-Feletar,D (2376) Velika
Gorica 2007}) (11. Nf3 b4 12. axb4 Rxb4 13. Qe2 Qb6 14. b3 Qc5 15. Bxf6 gxf6
16. Na4 Rxa4 17. bxa4 Bh6 18. g3 Nb4 19. Qc4 Qe3+ 20. Nd2 Qa3+ 21. Kb1 Bxa4 22.
Nb3 $11 {1-0 (42) Trajber,C (2055)-Simo,J (2030) Hungary 1999}) (11. Nb3 Be7
12. Kb1 b4 13. axb4 Nxb4 $13) 11... dxe5 12. fxe5 Nxe5 (12... h6 13. exf6 hxg5
14. Ne4 Qc7 (14... gxf6 $2 15. Qf2 $18) 15. Nf3 $16) 13. Bf4 Ng6 {The retreat
of the knight is known from similar lines. The defender is ill prepared for
the attempts to block White's activity on the b8-h2 diagonal.} (13... Bd6 $2
14. Nxe6 $1 Bxe6 15. Qxd6 $18) 14. Bxb8 Qxb8 15. Nb3 (15. g4 b4 16. axb4 Bxb4
17. Bg2 O-O 18. g5 Ng4 $11) 15... Ne5 {Kozul centralises the knight in order
to support the bishop on d7. If Black should manage to complete his
development without concessions his counterchances should be promising.} (15...
Be7 16. Ne4 Bc6 17. Nd6+ Kf8 18. Qc3 Bd7 19. Qd2 $11) 16. Qd4 Qc7 17. Be2 Be7
18. Rhe1 Nc6 {Black is tempted by the prospect of queenside activity, but the
knight could also have retreated to the kingside with solid chances.} (18...
Ng6 19. Bd3 O-O 20. Bxg6 hxg6 $11) 19. Qe3 b4 (19... Qxh2 20. Nc5 $1 Bc8 21. g3
$14) 20. axb4 Nxb4 21. Qg3 Qb6 $6 {Black has some reservations against the
exchange of queens even though the position would have been nearly equal.} (
21... Qxg3 22. hxg3 O-O 23. g4 h6 $11) 22. Rf1 (22. Qxg7 Rg8 23. Qh6 Rxg2 24.
Rf1 $14) 22... Bc6 23. Bf3 (23. Nd4 O-O (23... Ba8 $2 24. Nxe6 $1 fxe6 25. Qxg7
Rg8 26. Bh5+ $18) 24. Nxc6 Nxc6 25. Kb1 $14) 23... O-O 24. Bxc6 Qxc6 25. Nd4
Qb6 26. Kb1 Rb8 $5 {Due to the 21st move the defender has to deal with some
discomfort. His chances are somewhat worse and any slip could have serious
consequences.} (26... Rd8 27. Nb3 Bd6 28. Qf2 Qc7 29. Rd4 $14) 27. Na4 Qb7 $2 {
Under pressure Black overlooks a nice combination that is based on the
geometry of his pieces.} (27... Qd6 28. Qxd6 Bxd6 29. Nxe6 Nfd5 30. Nxg7 Kxg7
31. Rf3 Re8 32. c3 Ne3 33. Rxd6 Nc4 34. Rxf7+ Kxf7 35. Rd7+ Kg8 36. cxb4 Rb8
$14) 28. Rxf6 $1 Bxf6 (28... Nxc2 29. Nc6 $18) 29. Nc5 Bh4 {Fighting nail and
tooth at the difficult moment. Kozul rises to the situation and complicates
matter in the situation, that should have been Sutovsky's triumph.} (29... Qa7
30. Nd7 $1 Bxd4 31. Qxb8+ Qxb8 32. Nxb8 $18) 30. Qxh4 Qd5 31. Ncb3 (31. Ne4 $1
e5 32. Nc3 Qxg2 33. Nde2 $16) 31... a5 $2 {Then again we are all human,
inconsequent and confused. Black chooses a weak attacking move instead of
escalating a direct crisis in the centre.} (31... e5 $1 32. Qg3 f5 33. c3 Nc6
34. Qxg7+ Kxg7 35. Nxf5+ Kf6 36. Rxd5 Kxf5 37. Kc2 $16) 32. Rd2 h6 33. Nf3 Qa8
34. Rd7 Qc6 35. Rd8+ Kh7 36. Nfd4 {The second player will end up a whole piece
down..} (36. Rxb8 $2 Qxc2+ 37. Ka1 Qd1+ $19) (36. Nfd4 Qc7 37. Rxb8 Qxb8 38.
Nxa5 $18) 1-0

[Event "USA-ch m"]
[Site "Los Angeles"]
[Date "1991.??.??"]
[Round "2.1"]
[White "Wolff, Patrick G"]
[Black "Fedorowicz, John P"]
[Result "1-0"]
[WhiteElo "2545"]
[BlackElo "2525"]
[Annotator "Ftacnik,L"]
[PlyCount "89"]
[EventDate "1991.07.??"]
[EventType "k.o."]
[EventRounds "4"]
[EventCountry "USA"]
[SourceTitle "CBM 025"]
[Source "ChessBase"]
[SourceDate "1991.12.01"]
[SourceVersion "1"]
[SourceVersionDate "1991.12.01"]
[SourceQuality "1"]

1. e4 c5 2. Nf3 d6 3. d4 cxd4 4. Nxd4 Nf6 5. Nc3 Nc6 6. Bg5 e6 7. Qd2 a6 8.
O-O-O Bd7 9. f4 b5 10. Bxf6 gxf6 11. Kb1 (11. Nxc6 Bxc6 12. Qe1 Be7 13. Bd3 Qb6
14. Kb1 b4 15. Ne2 a5 16. f5 e5 17. Ng3 Qc5 18. Qe2 a4 19. Bc4 O-O 20. Nh5 Kh8
$14 {Ernst,T-Popovic,P/Subotica izt/1987/}) 11... Qb6 12. Nxc6 Bxc6 13. Qe1 (
13. Bd3 b4 14. Ne2 h5 15. Rhf1 a5 16. f5 e5 17. Ng1 Qc5 18. Qe2 a4 $40 {
Short,N-Kozul,Z/Belgrade/1989/}) 13... Be7 (13... b4 $2 14. Nd5 $1) 14. f5 Qc5
15. Bd3 b4 16. Ne2 e5 17. Nc1 $5 (17. Ng3 a5 18. Qe2 O-O 19. Nh5) 17... a5 18.
Qe2 a4 (18... Rc8 19. Nb3 Qb6 20. Bc4 a4 21. Nc1 Qc5 22. Bd5 Bb5 23. Nd3 Qd4
24. Rd2 a3 25. Qf2) 19. Bc4 Rc8 20. Bd5 (20. b3 O-O $132) 20... Bb5 21. Nd3 Qd4
22. Rd2 (22. Rhf1 a3 23. Qf2 Bxd3 24. cxd3 Qxf2 25. Rxf2 O-O $14) 22... a3 23.
Qf2 Qxf2 (23... Bxd3 24. Qxd4 exd4 25. Rxd3 $16) 24. Rxf2 Bxd3 (24... axb2 25.
Nxb4 $16) 25. cxd3 Bd8 $2 (25... O-O $1 26. Rc2 Rc5 27. Rxc5 dxc5 28. bxa3 bxa3
29. Kc2 Rb8 30. Rb1 Rxb1 31. Kxb1 Bf8 32. Kc2 Bh6 33. Kb3 Bc1 34. Kc4 Be3 $10)
26. Rc2 Rxc2 (26... Rb8 27. Rc6 Ke7 28. Rhc1 $16) 27. Kxc2 axb2 (27... Bb6 28.
bxa3 bxa3 29. Rb1 $16) 28. Rb1 Ke7 (28... Bb6 29. Rxb2 Bc5 30. a3 $1 $16) 29.
Rxb2 Ba5 30. Kb3 Bb6 (30... Rb8 31. Ka4 Bb6 32. Rxb4 $16) 31. Ka4 $1 (31. Kxb4
Bd4 32. Rb3 Rb8+ $14) 31... Kd7 (31... Bc5 32. a3 $1 bxa3 33. Rb7+ Kf8 34.
Rxf7+ Ke8 35. Rb7 Kf8 36. g4 $16) 32. Rxb4 Kc7 33. Bxf7 Ra8+ 34. Kb3 Bc5 35.
Rb5 Ra3+ 36. Kc2 Bd4 (36... Kc6 37. Rb8 Kc7 38. Rh8 $18) 37. Bd5 Kc8 38. g4 h6
39. Kd2 Ra7 40. Be6+ Kc7 41. h4 Kc6 42. Rb8 Rg7 (42... Kc7 43. Rh8 $18) 43.
Bd5+ Kc5 44. a4 Bf2 45. d4+ $1 {Ftacnik,L} (45. d4+ $1 Kxd4 46. Rc8 Be3+ 47.
Ke2 $18) 1-0

[Event "Guillermo Garcia Memorial-A 06th"]
[Site "Santa Clara"]
[Date "1998.05.24"]
[Round "1"]
[White "Perez Garcia, Rodney Oscar"]
[Black "Garcia Ilundain, David"]
[Result "1/2-1/2"]
[WhiteElo "2395"]
[BlackElo "2495"]
[Annotator "Gofshtein,L"]
[PlyCount "52"]
[EventDate "1998.05.24"]
[EventType "tourn"]
[EventRounds "13"]
[EventCountry "CUB"]
[EventCategory "9"]
[SourceTitle "CBM 066"]
[Source "ChessBase"]
[SourceDate "1998.09.30"]
[SourceVersion "1"]
[SourceVersionDate "1998.09.30"]
[SourceQuality "1"]

1. e4 {Tyomkin,D} c5 2. Nf3 d6 3. d4 cxd4 4. Nxd4 Nf6 5. Nc3 Nc6 6. Bg5 e6 7.
Qd2 a6 8. O-O-O Bd7 9. f4 b5 10. Bxf6 gxf6 11. f5 Nxd4 12. Qxd4 Bh6+ 13. Kb1
Bf4 14. Ne2 Be5 15. Qd3 (15. Qe3 Qc7 (15... exf5 16. exf5 Bxf5 17. Nd4 Be6 18.
Nf3 f5 19. Bd3 $44 {Van der Wiel,J-Kozul,Z/Wijk 1991/1/2-1/2 (64)}) 16. fxe6 (
16. Nd4 Qc5 17. Qd2 Qxd4 18. Qxd4 Bxd4 19. Rxd4 Ke7 $11 {Barczay,L-Radulov,I/
EU-chT Kapfenberg 1970/1/2-1/2 (95)}) 16... fxe6 17. g3 (17. Ng1 Qc5 $11 {
Timoshenko-Panchenko, Podolsk 1990}) 17... Rc8 18. Qd2 (18. Qd3 Qc4 19. Bh3 Ke7
20. Rhe1 Rc7 $15 {Poulsson,E-Schneider,L/Viking 1981/1/2-1/2(33)}) 18... b4 19.
Nf4 a5 20. Ba6 Ra8 21. Qe2 a4 22. Bb5 Bxb5 23. Qxb5+ $14 {Kruppa,-Lutsko,
Nikolaev 1993}) (15. Qd2 exf5 $5 (15... Qc7 $6 16. g3 (16. Nd4 Rc8 17. fxe6
fxe6 18. Nf3 O-O 19. Bd3 Bc6 20. Rhf1 $14 {Cseshkovsky-Beliavsky, USSR 1977})
16... Rc8 17. Bh3 Qc4 18. Nf4 $16 {Tal-Malich, Varna tt 1958}) (15... Qb6 16.
Nf4 Rc8 17. g4 Rg8 18. h3 b4 $1 19. Nd3 Ba4 $132 {Petrushin-Panchenko,
Smolensk 1986}) 16. exf5 Bxf5 17. Nd4 (17. Nf4 Qb6 18. Bd3 Be6 19. Be4 Rc8 20.
Rhe1 Rc4 $15 {Tal-Kozul, Marsel 1989}) 17... Be6 18. Nf3 f5 19. Bd3 Bg7 $13 {
Van der Wiel-Kozul, Wijk 1991}) (15. Qf2 $6 Qc7 16. Nf4 Qc5 17. Qxc5 dxc5 18.
fxe6 fxe6 19. Nd3 Bd6 $15 {Speelman-Dorfman, Mexico 1977}) 15... Qb6 16. fxe6 (
16. Nd4 Qxd4 17. Qxd4 Bxd4 18. Rxd4 Ke7 19. Be2 Bc6 20. Bf3 Rac8 21. Rhd1 Rhd8
22. Kc1 Bb7 23. Kd2 Rc5 $15 {Minic,D-Bertok,M/JUG-ch 1959/0-1(43)}) (16. g3 Rc8
17. Bh3 Rc4 18. fxe6 fxe6 19. Nf4 Ke7 20. Qe2 Qc6 21. Rhe1 Rc8 22. Rc1 Bxb2 $1
23. Nd5+ exd5 24. Bxd7 Be5 {0-1 Runnby,J-Schneider,L/SWE-ch 1979}) (16. Ng1 Ke7
(16... O-O-O 17. Nf3 Kb8 18. g3 Bc6 19. Bh3 Rhe8 $11 {Matanovic-Tal, Biel izt
1976}) 17. Nf3 Qc5 18. g3 {1/2-1/2 Schmidt,W-Adamski,J/Slupsk 1978}) 16... fxe6
17. g3 a5 $146 (17... Rc8 18. Bh3 Ke7 19. Nf4 a5 $11 {Luther-Stroe, Oakham 1990
}) 18. Bh3 a4 19. Nd4 $6 (19. Nf4 $142 $1 Ke7 (19... a3 20. b4 $16 {[%csl Re6]
[%cal Gd3b3]}) 20. Qf3 {[%cal Gf3g4]} Rhg8 (20... a3 21. Qg4 $1 {[%cal Rf4d5,
Rg4g7]}) 21. Nd3 Bd4 22. c3 Be3 23. Rhe1 Bg5 24. Nb4 $14) 19... Bxd4 (19... Ke7
$6 20. Nf3 $14) 20. Qxd4 Qxd4 21. Rxd4 Ke7 $11 22. Rhd1 Ra6 23. a3 Rc8 24. Bf1
Rc5 25. Bd3 e5 26. Rb4 Ra7 1/2-1/2

[Event "Bundesliga 0001"]
[Site "Germany"]
[Date "2001.03.10"]
[Round "10.4"]
[White "Holzke, Frank"]
[Black "Baklan, Vladimir"]
[Result "1/2-1/2"]
[WhiteElo "2470"]
[BlackElo "2599"]
[Annotator "Gofshtein,L"]
[PlyCount "90"]
[EventDate "2000.10.14"]
[EventType "team-tourn"]
[EventRounds "15"]
[EventCountry "GER"]
[SourceTitle "CBM 082"]
[Source "ChessBase"]
[SourceDate "2001.05.17"]
[SourceVersion "1"]
[SourceVersionDate "2001.05.17"]
[SourceQuality "1"]
[WhiteTeam "Wattenscheid"]
[BlackTeam "Magdeburg USC"]
[WhiteTeamCountry "GER"]
[BlackTeamCountry "GER"]

1. e4 c5 2. Nf3 d6 3. d4 cxd4 4. Nxd4 Nf6 5. Nc3 Nc6 6. Bg5 e6 7. Qd2 a6 8.
O-O-O Bd7 9. f4 b5 10. Bxf6 gxf6 11. Kb1 (11. Nxc6 Bxc6 12. Qe1 b4 13. Nd5 a5
14. Rd4 Ra7 $13) (11. f5 $5 Nxd4 12. Qxd4 Bh6+ 13. Kb1 Bf4 14. fxe6 fxe6 15.
Ne2 Be5 16. Qd2 Qb6 17. Nf4 a5 18. g3 {[%csl Re6][%cal Yf4e6,Yf1h3,Yh3e6]} O-O
19. Bh3 $16 Rae8 20. Nd3 Bd4 21. Rhe1 b4 22. Nxb4 Bf2 23. Rf1 Bc5 24. Nd5 $18 {
Hjartarson,J-Kozul,Z Biel izt (6)}) 11... Qb6 12. Nxc6 Bxc6 13. Qe1 (13. Bd3 b4
(13... Qc5 14. Rhf1 O-O-O 15. f5 d5 $6 16. exd5 exd5 17. Be4 $1 $16 {Vogt.
L-Bielczyk,J,24/408 1977}) 14. Ne2 h5 15. Rhe1 a5 16. Ng3 a4 17. Bc4 $14 {
Byrne,R-Kozul,Z,Palma GMA-op 1989.}) (13. f5 b4 14. Ne2 Bxe4 (14... e5 $6 15.
Ng3 Qc5 16. Be2 Ke7 17. Bf3 $16 {Lobron,E-Ueter,H,BL 8384}) 15. fxe6 fxe6 16.
Nf4 $44 {Byrne,R-Schneider,L.A.,Reykjavik 1982}) 13... O-O-O (13... Be7 14. f5
Qc5 15. Bd3 $14 {Wolff,P-Fedorowicz,J,USA-ch 1991}) (13... Ra7 {White
threatened 14.Nd5, which is now met by 14...exd5 15.exd5+ Re7} 14. f5 $14 (14.
Bd3 b4 15. Ne2 a5 16. f5 e5 17. Nc1 Bh6 18. Qe2 Ke7 19. Bc4 Rf8 20. Rd3 Qc5 21.
Rh3 Bg5 22. Rxh7 a4 $132 {0-1 Gyorkos,L-Kozul,Z/Osijek 1992/EXT 99 (35)}) 14...
b4 15. Ne2 e5 (15... Bxe4 16. fxe6 fxe6 17. Nf4 $16) 16. Ng3 h5 {To stop Nh5}
17. Be2 $1 $40 {1-0 Gurevich,I-Kozul,Z/Biel 1993/CBM 37/[Wolff] (53)}) 14. Bd3
b4 $5 {[%mdl 4] this idea met in two Tukmakov's games with success} (14... h5
15. Qh4 (15. Rf1 Kb8 16. a3 Bb7 17. f5 Qc5 18. fxe6 fxe6 19. Rxf6 $16 {1-0
Lalic,B-Kozul,Z/Medulin 1997/EXT 2000 (36)}) 15... Be7 16. Rhe1 Rde8 17. Qh3
Kb8 18. f5 $14 {[%csl Re6]} b4 19. Ne2 e5 20. Nc1 a5 21. Bc4 $36 {1/2-1/2 Lau,
R-Grosar,A/Graz 1993/CBM 35/[Ernst] (62)}) (14... Kb8 15. f5 Rg8 $5 16. Rf1
Rxg2 17. fxe6 fxe6 18. Rxf6 Bg7 19. Rxe6 Qf2 20. Qxf2 Rxf2 {1/2-1/2 Knezevic,
B-Cabrilo,G/Nis 1995/EXT 2000 (20)}) 15. Ne2 d5 16. e5 $5 $146 {[%mdl 8] White
try to close position,after 16.Ng3 black have good counterplay} (16. Ng3 dxe4
17. Bxe4 (17. Nxe4 Be7 18. Qe2 Kb8 19. Nd2 Rhg8 20. Nf3 Bb5 21. Bxb5 Qxb5 22.
Qxb5+ axb5 $132 {0-1 Belotti,B-Tukmakov,V/Mendrisio 1999/EXT 2000 (50)}) 17...
Rxd1+ 18. Qxd1 f5 19. Bxc6 Qxc6 20. Qd4 Rg8 21. Rd1 Be7 22. Qa7 Rd8 23. Rxd8+
Kxd8 $36 {0-1 Orak,L-Tukmakov,V/Pula 2000/CBM 76 ext (47)}) 16... f5 (16... Bg7
17. Nd4 $14) 17. Nd4 Bb7 18. Be2 Bc5 {[%csl Rd4][%cal Rb6d4]} 19. Qd2 Kb8 20.
Bh5 Rd7 21. h3 h6 22. g4 $14 fxg4 23. hxg4 Rg8 24. f5 {[%csl Re6,Rh6] white
has some adventage,because black weaknesses be in need of defence} Rg5 25. fxe6
$6 {After this move defence simplified for black} (25. Nf3 $5 Be3 26. Qd3 Rg8
27. Rhe1 $14) 25... fxe6 {[%csl Re5]} 26. Rhe1 Rh7 27. Nb3 Be7 28. Qd4 Ka7 29.
Rd3 Rh8 30. Rf3 Rf8 31. Rxf8 Bxf8 32. Qf4 (32. Qxb6+ Kxb6 33. Nd4 Bc8 $11)
32... Bg7 33. Nd4 Bh8 34. Re2 Rg8 35. b3 Bg7 36. Qe3 Ka8 37. Rf2 (37. Bf7 $2
Rf8 38. Bxe6 Rf1+ 39. Kb2 Rd1 40. Nf5 d4 41. Qf4 Qc6 $19) 37... Rf8 38. Rf7
Rxf7 39. Bxf7 Qc7 40. Bxe6 Bxe5 41. Nf5 Bh8 42. Qg3 $11 Qd8 43. Qh4 Qb6 44.
Qxh6 Qg1+ 45. Qc1 Qh2 1/2-1/2

[Event "Elbow Beach Club GM-B"]
[Site "Paget Parish"]
[Date "2001.01.29"]
[Round "10"]
[White "Vuckovic, Bojan"]
[Black "Blehm, Pawel"]
[Result "1-0"]
[WhiteElo "2458"]
[BlackElo "2512"]
[Annotator "Gofshtein,L"]
[PlyCount "73"]
[EventDate "2001.01.19"]
[EventType "tourn"]
[EventRounds "11"]
[EventCountry "BER"]
[EventCategory "9"]
[SourceTitle "CBM 081"]
[Source "ChessBase"]
[SourceDate "2001.03.20"]
[SourceVersion "1"]
[SourceVersionDate "2001.03.20"]
[SourceQuality "1"]

1. e4 c5 2. Nf3 d6 3. d4 cxd4 4. Nxd4 Nf6 5. Nc3 Nc6 6. Bg5 e6 7. Qd2 a6 8.
O-O-O Bd7 9. f4 b5 10. Bxf6 gxf6 11. Kb1 b4 {Standard counterplay in this type
of position.} (11... h5 12. Nxc6 Bxc6 13. Qe1 Be7 14. f5 {[%csl Re6]} Qc7 15.
Bd3 O-O-O 16. Rf1 Kb8 17. g3 Bb7 18. Ne2 {[%cal Ye2d4,Ye2f4]} Bc8 19. Nf4 Rdg8
20. Be2 $36 {[%csl Rh5][%cal Yf4h5,Ye2h5] 1-0 Prasad,D-Lovlu,S/Sakthi 1996/CBM
53 (26)}) 12. Nce2 Qb6 13. f5 $5 ({Worth of attention anothe plan, connected
with} 13. g3 Be7 (13... Rc8 14. Bh3 (14. Bg2 a5 15. Rhe1 a4 $132 {0-1
Arakhamia,K-Galliamova,A/Groningen 1997/CBM 62 ext (59)}) 14... h5 15. Nf3 Na5
16. b3 Bc6 17. Ned4 Bxe4 18. Rhe1 Bxf3 $6 (18... f5 $5) 19. Nxf3 Nc6 20. Qd3
$44 {1-0 Morozov,D-Filipenko,A/Perm 1997/EXT 2000 (31)}) 14. Bg2 Nxd4 (14...
Rc8 15. Rhf1 O-O 16. g4 a5 17. Rf3 Kh8 18. Rh3 Rg8 19. Bf3 a4 20. Nxc6 Bxc6 21.
Nd4 Bb7 22. f5 e5 23. Ne2 b3 $132 {1-0 Dimitrov,V-Ari,Z/Balkaniad (Men) 1993/
TD (37)}) 15. Nxd4 Rd8 16. g4 a5 17. Rhf1 Rg8 18. Bf3 a4 19. b3 Qc5 20. Rfe1
Bf8 21. e5 fxe5 22. fxe5 d5 $132 {1-0 Sax,G-Kozul,Z/Sarajevo 1985/MCD (50)}) (
13. Qe1 a5 14. Qh4 Be7 15. Nxc6 Qxc6 16. f5 Rc8 17. Rd2 Qc5 18. Nf4 a4 19. fxe6
Bxe6 20. Qh5 Qxh5 {1/2-1/2 Holzke,F-Baklan,V/Hamburg 1999/EXT 2000 (20)}) 13...
e5 ({Alternative} 13... Rc8 14. g3 {[%csl Re6] also gives to White convenient
play.}) (13... Nxd4 14. Nxd4 e5 15. Ne2 h5 16. h4 {[%csl Rh5]} Ke7 17. Ng3 Bh6
18. Qe2 {[%csl Rh5][%cal Yg3h5,Ye2h5]} Bc6 19. Nxh5 $16 {1-0 Wahls,M-Boidman,Y/
Berlin 1996/CBM 54 ext (36)}) 14. Nxc6 ({Interesting plan we can see in the
game:} 14. Nf3 $5 {avoiding NN exchange. Nc6 placed badly.} Na7 (14... Rc8 15.
Ng3) 15. Ng3 Rc8 16. Nh5 $16 {1-0 Gallagher,J-Grosar,K/Geneve 1996/CBM 51 ext 
(25)}) 14... Bxc6 15. Ng3 {[%csl Re4][%cal Gg3e4,Gg3h5] Pe4 needs to defence.}
h5 16. h4 $5 (16. Be2 $143 h4 17. Nh5 Be7 18. Bf3 a5 $132 {1/2-1/2 Huebner,
R-Dreev,A/Nussloch 1996/CBM 53 (70)}) 16... Qc5 ({In another variations Black
has problems in view of Ph5 waekness.} 16... Rc8 17. Bc4 $16) (16... a5 17. Be2
a4 18. Nxh5 Be7 19. Ng3 b3 20. cxb3 axb3 21. a3 $16 {1-0 Gurevich,I-Arnett,D/
New York 1994/CBM 43 (36)}) 17. Bd3 a5 18. Qe2 {[%csl Rc4,Rh5][%cal Yg3h5,
Ye2h5,Yd3c4] Weakness Ph5 attack and Bd3-c4 manoeuvre support.} a4 19. Nxh5 $16
Ke7 20. g4 {Black has material advantage. Black Attack on the queenside is not
dangerous in view of Bd3-c4 and Rh1-h3 manouevres} a3 21. Bc4 axb2 22. Rh3 {
[%csl Rc3]} Ra3 23. Bb3 Ba4 (23... Bb5 {also doesn't help to Black:} 24. Qd2
Rg8 25. c3 Rxg4 26. cxb4 Qc6 27. Kxb2 $16) 24. g5 fxg5 25. hxg5 Qa5 (25... Rg8
26. Qd2 $36) 26. Rd5 $1 (26. Qd3 Kd8 $13) 26... Qa7 27. Bxa4 Rxa4 (27... Qxa4
28. Rxa3 bxa3 29. g6 Kd8 30. Qf3 Rxh5 31. Qxh5 Qxe4 32. Rd1 $18) 28. Qb5 $40 {
[%csl Re5][%cal Gd5e5] White has decisive Attack.} Rxh5 (28... Rxa2 29. Rxe5+
$1 dxe5 30. Qxe5+ Kd7 31. Qd5+ Kc8 32. Qxa2 Qg1+ 33. Kxb2 Qd4+ 34. Kb3 $18) 29.
Rxe5+ (29. Rxd6 Kxd6 30. Rd3+ $18) 29... dxe5 30. f6+ Kd8 31. Rd3+ Kc8 32. Qc6+
(32. Qe8+ Kb7 33. Rd7+ Kb6 34. Rxa7 Rxa7 35. Qxf8 Rxg5 36. Qxb4+ $18) 32... Qc7
33. Qe8+ Kb7 34. Rd7 Rh1+ 35. Kxb2 $18 Rxa2+ 36. Kxa2 b3+ 37. Kxb3 1-0